| 000 | 00677nam a2200229 i 4500 | ||
|---|---|---|---|
| 001 | C2-0304609 | ||
| 003 | PPAK | ||
| 005 | 20180728085732.0 | ||
| 008 | 100603s xx a|||| ||||| | may d | ||
| 040 |
_aPPAK _beng _cPPAK _erda |
||
| 082 | 0 | 4 |
_a385.09595 _223 |
| 090 | 0 | 0 |
_a385.09595 _bMAF _dKLB |
| 100 | 0 |
_aM. A. Fawzi Basri, _eauthor |
|
| 245 | 1 | 0 | _aSeabad keretapi Tanah Melayu dari segi sejarah 1885 - 1985 |
| 300 |
_a29 pages : _billustrations ; _c30 cm |
||
| 336 |
_2rdacontent _atext |
||
| 337 |
_2rdamedia _aunmediated |
||
| 338 |
_2rdacarrier _avolume |
||
| 500 | _aSalinan fotokopi dari buku asal. | ||
| 650 | 1 | 0 | _aRailroads - Malaysia - History |
| 942 |
_ddc _cB |
||
| 999 |
_c107737 _d107737 |
||